Catálogo
 En Linea

Popol vuh : (Registro nro. 39629)

Detalles MARC
000 -CABECERA
campo de control de longitud fija 00667nam a2200181 a 4500
001 - NÚMERO DE CONTROL
campo de control 000040139
005 - FECHA Y HORA DE LA ÚLTIMA TRANSACCIÓN
campo de control 20201002033936.0
008 - DATOS DE LONGITUD FIJA--INFORMACIÓN GENERAL
campo de control de longitud fija 130808s1972 gt 000 0 spa d
040 ## - FUENTE DE LA CATALOGACIÓN
Centro catalogador/agencia de origen DO-SdBNP
240 10 - TÍTULO UNIFORME
Título uniforme Popol vuh.
Lenguaje de la obra español
245 #0 - MENCIÓN DE TÍTULO
Título Popol vuh :
Resto del título el libro sagrado y los mitos de la antigüedad americana /
Mención de responsabilidad, etc. prólogo de Jorge Luis Arriola.
260 ## - PUBLICACIÓN, DISTRIBUCIÓN, ETC.
Lugar de publicación, distribución, etc. Guatemala :
Nombre del editor, distribuidor, etc. Editorial Universitaria,
Fecha de publicación, distribución, etc. 1972-- 476 p.
490 1# - MENCIÓN DE SERIE
Mención de serie Creación literaria
Designación de volumen o secuencia 1
700 1# - PUNTO DE ACCESO ADICIONAL--NOMBRE DE PERSONA
Nombre de persona Arriola, Jorge Luis
Término indicativo de función/relación pról.
9 (RLIN) 66408
700 1# - PUNTO DE ACCESO ADICIONAL--NOMBRE DE PERSONA
Nombre de persona Brasseur de Bourbourg
Fechas asociadas al nombre 1814-1874.
9 (RLIN) 66409
740 0# - PUNTO DE ACCESO ADICIONAL--TÍTULO RELACIONADO O ANALÍTICO NO CONTROLADO
Título relacionado o analítico no controlado Libro sagrado y los mitos de la antigüedad americana
803 #0 -
-- Creación literaria
-- 1
Existencias
Estado de retiro Estado de pérdida Restricciones de uso No para préstamo Código de colección Localización permanente Ubicación/localización actual Ubicación en estantería Fecha de adquisición Número de inventario Total de préstamos Signatura topográfica completa Código de barras Fecha visto por última vez Precio válido a partir de Tipo de ítem Koha Nota pública
      Excluido de préstamo Monografías: Libros y Folletos Patrimonio Dominicano Patrimonio Dominicano En catalogación 08.08.2013 LF1   40139-10 25.06.2020 25.06.2020 No se presta Perteneció a la biblioteca personal de Aída Cartagena Portalatín

Con tecnología Koha